000 00757nas a2200253 4500
001 BR8803299
003 BR-BrBNA
005 20231205091148.0
007 ta
008 230509b bl.|||p| |||| 00| 00por d
040 _aBR-BrBNA
_bpor
_cBiblioteca Nacional de Agricultura
041 _a(Pt)
072 _aP35
100 1 _aCambuim, F.A.
100 1 _aCordeiro, D.A.
245 1 _aAcao da vinhaca sobre pH, acidez total acumulacao e lixiviacao de nutrientes, em solo arenoso
650 _aACIDEZ DO SOLO
650 _aLIXIVIACAO
650 _aVINHACA
650 _aFERTILIDADE DO SOLO
773 0 _tSTAB (Brazil)
_xISSN 0102-1214
_g(Mar-Apr 1986), v. 4(4) p. 27-33
_wBR8803299
909 _a202311
_bLúcia
_c55
_dLúcia Elande
942 _2AGRIS
_n0
_cANA
999 _c123246
_d123246